000
00304nam a22001337a 4500
008
181023b xxu||||| |||| 00| 0 eng d
020
_a
0205622291
041
_a
eng
080
_a
371
100
_a
46
101
_a
EDU
245
_a
Writing and Reading Across Curriculum
_c
Behrens, L
942
_2
udc
_c
BK
999
_c
50626
_d
50626